000 00722nam a22002417a 4500
003 UA-OsUOA
001 118190
007 ta
008 20160722b un ||||| |||| 00| 0 ukr d
100 _aКуриленко Т. П.
090 _a336.76(075.8)
_bК93
942 _cBK
040 _aUA-OsUOA
_bukr
_cUA-OsUOA
_dUA-OsUOA
245 _aФінансовий ринок
_bнавч. посібник для дистанційного навчання
_cза наук. ред. Ю. В. Ніколенка
300 _a324 с.
955 _a2
041 _aukr
080 _a336.76(075.8)
020 _a978-966-388-154-6
260 _aК.
_bУкраїна
_c2007
650 7 _a336 Фінанси
_2UDC
999 _c404243
_d404243